| 000 | 00678nam a2200217 i 4500 | ||
|---|---|---|---|
| 001 | 176884 | ||
| 003 | ES-MaACL | ||
| 005 | 20230906220214.0 | ||
| 008 | 110216s1968 sp ao |||| | spa d | ||
| 080 | _a75:069(430) Alte Pinakothek | ||
| 245 | 0 | 0 |
_aAntigua Pinacoteca de Munich / _cpresentación por Halldor Soehner. |
| 260 |
_aMadrid : _bCodex, _c[1968] |
||
| 300 |
_a86 p. : _bil. col. y n. ; _c32 cm. |
||
| 490 | 1 | _aEl mundo de los museos | |
| 500 | _aÍndices. | ||
| 610 | 2 | 4 |
_aAlte Pinakothek (Munich) _9145232 |
| 700 | 1 |
_aSoehner, Halldor. _9145231 |
|
| 830 | 0 |
_aEl mundo de los museos _9190282 |
|
| 852 |
_aES-MaACL _jE-14330 _xOlim P-1361 |
||
| 999 |
_c176884 _d176884 |
||